000 nkm a22 a 4500
999 _c398164
_d398164
003 BLK
005 20230407095533.0
008 210211b bu ||||| |||| 00| 0 bu d
040 _aBLK
041 _aENG
_cENG
080 _aМанастирски сгради. Религиозни домове
_b726.7
_x(497.2)(084)
_z726.7(497.2)(084)
100 _91299
_aChavrukov, Georgi
_eпърви автор
245 _aBulgarian monasteries
_bmonuments of history, culture and art : [албум]
_cGeorgi Chavrukov ; transl. Marguerite Alexieva ; photos Konstantin Tanchev
250 _a2. rev. ed.
260 _9218939
_aSofia
_bSeptemvri
_c1978
300 _a383 с.
_bс ил. и репрод.
_c33 см
380 _a7
650 7 _aМанастири, български
_9161121
700 _9308983
_aТанчев, Константин
_eфотогр.
700 _9272372
_aАлексиева, Маргарита
_eпрев.
852 _aЦб ІІ 26474
_bЦб
942 _cGRA
_n0
_s1
944 _aCR
_c2021-02-11
_kВЙ